Analýza maloobchodného trhu z pohľadu lokalizácie zákazníkov
Analýza maloobchodného trhu z pohľadu lokalizácie zákazníkov vo vzťahu k existujúcej prevádzke alebo novootvorenej obchodnej prevádzke. Geografická oblasť, kde maloobchodná prevádzka pôsobí alebo bude pôsobiť, teda analýza jednotlivých zón trhu.
Salvato in:
| Autore principale: | |
|---|---|
| Altri autori: | , |
| Natura: | Capitolo di libro |
| Lingua: | slovacco |
| Soggetti: | |
| Tags: |
Nessun Tag, puoi essere il primo ad aggiungerne!!
|
MARC
| LEADER | 00000nla a2200000 4500 | ||
|---|---|---|---|
| 001 | 0180534 | ||
| 005 | 20240502073058.9 | ||
| 041 | 0 | |a slo | |
| 044 | |a SK | ||
| 245 | 1 | 0 | |a Analýza maloobchodného trhu z pohľadu lokalizácie zákazníkov |c Marian Reiff, Andrea Furková, Kvetoslava Surmanová |
| 520 | |a Analýza maloobchodného trhu z pohľadu lokalizácie zákazníkov vo vzťahu k existujúcej prevádzke alebo novootvorenej obchodnej prevádzke. Geografická oblasť, kde maloobchodná prevádzka pôsobí alebo bude pôsobiť, teda analýza jednotlivých zón trhu. | ||
| 610 | 2 | 0 | |a modely ekonomicko-matematické |
| 610 | 2 | 0 | |a modelovanie ekonometrické |
| 610 | 2 | 0 | |a modely rozhodovania |
| 610 | 2 | 0 | |a funkcie úžitkové |
| 610 | 2 | 0 | |a maloobchod |
| 100 | 1 | |a Reiff, Marian, 1978- | |
| 700 | 1 | |a Furková, Andrea, 1975- | |
| 700 | 1 | |a Surmanová, Kvetoslava | |